O množestvach niľpotentnych elementov i radikalach prjamogo proizvedenija polugrupp

Podrobná bibliografia
Hlavný autor: Abrhan, Imrich (Autor)
Médium: Článok
Jazyk:ruština

MARC

LEADER 00000nab a2200000uu 4500
001 vtls010891859
003 SK-MaSNL
005 20260303141940.0
008 230222|1968 xo |||||||||||||||||rus|
015 |a SNBRB 
035 |a (urnnbn)urn:nbn:sk:snk:ar-0065pj 
035 |a (uuid)1617309b-1151-4d34-9868-56a9051b67e8 
035 |a urn:nbn:sk:snk-ab8ljq 
040 |a SNKBUCL  |b slo  |c SNKBUCL  |e AACR2 
041 0 |a rus 
044 |a xo  |c SK 
100 1 |a Abrhan, Imrich  |4 aut  |9 515283 
245 1 0 |a O množestvach niľpotentnych elementov i radikalach prjamogo proizvedenija polugrupp  |c Imrich Abrhan 
773 0 |t Matematický časopis  |g Roč. 18, č. 1 (1968), s. 25-33 
958 |a OND 
958 |a EUIPO 
958 |a article10 
999 |c 1979819  |d 1981749